Normal view
MARC view
- Madison, James,
Entry Personal Name
001 - CONTROL NUMBER
- control field: 97660
003 - CONTROL NUMBER IDENTIFIER
- control field: NUST
005 - DATE AND TIME OF LATEST TRANSACTION
- control field: 20220817112135.0
008 - FIXED-LENGTH DATA ELEMENTS
- fixed length control field: 220817|| aca||aabn | a|a d
040 ## - CATALOGING SOURCE
- Original cataloging agency: NUST
- Transcribing agency: NUST
100 ## - HEADING--PERSONAL NAME
- Personal name: Madison, James,
- Dates associated with a name: 1751-1836
- General subdivision: Family
670 ## - SOURCE DATA FOUND
- Source citation: Work cat.: (NUST)0: Kearse, Bettye, author. 97659, The Other Madisons :
